Muerte y vida de las grandes ciudades

Bibliographic Details
Main Author: Jacobs, Jane
Format: Section = Libro
Language:Undetermined
Spanish
Published: Barcelona Península 1973
Edition:2a.ed.
Subjects:
LEADER 00534nam a2200205Ia 4500
008 240829s9999 xx 000 0 und d
020 |a 84-297-0863-4 
040 |a BIBLIOTECA-RUSB/ 711.972 J17 
041 |a spa 
082 |a 711.972 J17 
100 1 |a Jacobs, Jane 
245 1 0 |a Muerte y vida de las grandes ciudades 
250 |a 2a.ed. 
260 |a Barcelona  |b Península  |c 1973 
300 |a 468 p. :il. 
650 7 |a URBANISMO AMERICA LATINA 
650 7 |b  URBANISMO-ASPECTOS SOCIALES 
942 |c BK  |2 ddc 
991 |a TEXTO 
999 |c 4862